QUATRO PRO základy práce s tabulkovým systémem

Salvato in:
Dettagli Bibliografici
Autore principale: Mikan, Pavel
Altri autori: Neužil, Milan
Natura: Libro
Lingua:ceco
Pubblicazione: Praha Aleko 1991
Edizione:1. vyd.
Tags: Aggiungi Tag
Nessun Tag, puoi essere il primo ad aggiungerne!!

MARC

LEADER 00000nam a2200000 4500
001 c023964
005 20221214101721.7
041 0 |a cze 
044 |a CZ 
245 1 0 |a QUATRO PRO  |b základy práce s tabulkovým systémem  |c Pavel Mikan, Milan Neužil 
250 |a 1. vyd. 
264 1 |a Praha  |b Aleko  |c 1991 
300 |a 97 s. 
100 1 |a Mikan, Pavel 
700 1 |a Neužil, Milan